A Textbook of Vector Calculus / (Record no. 267)

000 -LEADER
fixed length control field 00468nam a2200157Ia 4500
008 - FIXED-LENGTH DATA ELEMENTS--GENERAL INFORMATION
fixed length control field 190805s9999||||xx |||||||||||||| ||und||
020 ## - INTERNATIONAL STANDARD BOOK NUMBER
International Standard Book Number 9788121901611
Terms of availability Rs. 175.00
082 04 - DEWEY DECIMAL CLASSIFICATION NUMBER
Classification number 515.63
Item number N1646
100 1# - MAIN ENTRY--PERSONAL NAME
Personal name Narayan, Shanti
245 12 - TITLE STATEMENT
Title A Textbook of Vector Calculus /
260 ## - PUBLICATION, DISTRIBUTION, ETC. (IMPRINT)
Place of publication, distribution, etc New Delhi :
Name of publisher, distributor, etc S. Chand & Company,
Date of publication, distribution, etc 2014
300 ## - PHYSICAL DESCRIPTION
Extent xii, 356 p.
Other physical details :
Dimensions ; 21 cm.
650 #0 - SUBJECT ADDED ENTRY--TOPICAL TERM
Topical term or geographic name as entry element Vector analysis
Form subdivision Textbooks
852 ## - LOCATION/CALL NUMBER
Location
942 ## - ADDED ENTRY ELEMENTS (KOHA)
Item type Books
Holdings
Withdrawn status Lost status Damaged status Not for loan Collection code Permanent location Current location Shelving location Date acquired Source of acquisition Cost, normal purchase price Full call number Barcode Date last seen Koha item type Public note Total Checkouts Date last borrowed
        Physics IMU Kochi Library IMU Kochi Library General Stacks 2017-07-26 Sterling Book House 175.00 515.63 N1646 BK004421 2019-08-05 Books Gen. Shelf-8, Row-1    
        Physics IMU Kochi Library IMU Kochi Library General Stacks 2017-07-26 Sterling Book House 175.00 515.63 N1646 BK004420 2022-10-27 Books Gen. Shelf-8, Row-1 1 2022-10-27


Copyright © All Rights Reserved by Indian Maritime University, Kochi Campus.
For any Suggestions/Query Contact to library or Email: library.kochi@imu.ac.in Ph:(0484)-2989402
(Web OPAC Designed by Rudra Ranjan. Maintained by IMU Kochi Library)

Powered by Koha